00233nam a2200085Ia 4500008004100000041000800041100002100049245004600070260003100116241105s9999 xx 000 0 und d aeng aAgrawal Nikita S aMulti Speciality Hospital At Wagholi Pune bBNCA B-Arch ID, Punec2016